Consideraciones para la formalización de la tenencia de Bienes Inmuebles en Zonas de Reserva Forestal Ley 2/59 / (Registro nro. 8623)
[ vista simple ]
| 000 -CABECERA | |
|---|---|
| Campo de control | 01486nam a22002177a 4500 |
| 005 - FECHA Y HORA DE LA ULTIMA TRANSACCION | |
| Campo de control | 20140828095031.0 |
| 008 - ELEMENTOS DE LONGITUD FIJA—INFORMACION GENERAL | |
| Campo de control | 140825|2009 xxu||||| |||| 00| 0 ck spa d |
| 041 ## - IDIOMA | |
| Código de idioma para texto/pista de sonido o título separado | Español |
| 044 ## - PAÍS DE PUBLICACIÓN | |
| País de publicación | Colombia |
| 082 ## - NUMERO DE CLASIFICACION DECIMAL DEWEY | |
| Número de clasificación | 333.32 |
| Número del ítem | A26c |
| 110 ## - ASIENTO PRINCIPAL--NOMBRE CORPORATIVO | |
| Nombre corporativo o de jurisdicción como elemento de entrada | Colombia |
| Unidad subordinad | Agencia Presidencial para la Acción Social y la Cooperación Internacional-Acción Social |
| 245 ## - MENCION DE TITULO | |
| Título | Consideraciones para la formalización de la tenencia de Bienes Inmuebles en Zonas de Reserva Forestal Ley 2/59 / |
| Mención de responsabilidad | Agencia Presidencial para la Acción Social y la Cooperación Internacional-Acción Social |
| 260 ## - PUBLICACION, DISTRIBUCION, ETC. (PIE DE IMPRENTA) | |
| Lugar de publicación, distribución, etc. | Bogotá, Colombia |
| Nombre del editor, distribuidor, etc. | Agencia Presidencial para la Acción Social y la Cooperación Internacional-Acción Social |
| -- | Proyecto Protección de Tierras y Patrimonio de la Población Desplazada |
| -- | Ministerio de Ambiente, Vivienda y Desarrollo Territorial |
| -- | The World Bank |
| -- | Asdi |
| -- | La Agencia de la ONU para los Refugiados-UNHCR-ACNUR |
| -- | Embajada de España en Colombia |
| -- | Oficina Técnica de Cooperación-aecid |
| -- | USAID Del Pueblo de los Estados Unidos de América |
| -- | IOM-OIM |
| -- | Corporación Opción Legal |
| Fecha de publicación, distribución, etc. | 2009 |
| 300 ## - DESCRIPCION FISICA | |
| Extensión | 92 p. |
| Otros detalles físicos | Fot., mapas, tablas. |
| Dimensiones | 28 cm. |
| 490 ## - MENCION DE SERIE | |
| Mención de serie | Documentos de Trabajo |
| Designación numérica/secuencial del volumen | 2 |
| 650 #4 - ASIENTO SECUNDARIO DE MATERIA - TERMINO TEMATICO | |
| Término temático o nombre geográfico como elemento de entrada | Reservas forestales |
| Subdivisión general | Legislación |
| Subdivisión geográfica | Colombia |
| 650 #4 - ASIENTO SECUNDARIO DE MATERIA - TERMINO TEMATICO | |
| Término temático o nombre geográfico como elemento de entrada | Tenencia de la tierra |
| Subdivisión general | Legislación |
| Subdivisión geográfica | Colombia . |
| 650 #4 - ASIENTO SECUNDARIO DE MATERIA - TERMINO TEMATICO | |
| Término temático o nombre geográfico como elemento de entrada | Desplazamiento forzado |
| Subdivisión geográfica | Colombia |
| 710 ## - ASIENTO SECUNDARIO - NOMBRE CORPORATIVO | |
| Nombre corporativo o de jurisdicción como elemento de entrada | Colombia |
| Unidad subordinada | Proyecto Protección de Tierras y Patrimonio de la Población Desplazada |
| 942 ## - ELEMENTOS ADICIONALES (KOHA) | |
| Sistema de clasificación | Dewey Decimal Classification |
| Tipo de ítem | Libro |
| Withdrawn status | Lost status | Sistema de Clasificación | Damaged status | No para préstamo | Colección | Inventariado | Ubicación Permanente | Ubicación actual | Fecha de adquisición | Fuente de Valor | Valor | Total Checkouts | Número topográfico | Inventario / Código de Barras | Date last seen | Ejemplar | Price effective from | Forma de adquisición | Tipo de material |
|---|---|---|---|---|---|---|---|---|---|---|---|---|---|---|---|---|---|---|---|
| Dewey Decimal Classification | General | Inventariado 2017 | Bogotá | Bogotá | 25/08/2014 | Instituto | 39000.00 | LB-333.32 A26c | 034612 | 25/08/2014 | Ej. 1 | 25/08/2014 | Libro |